000 00495nam a22001817a 4500
003 OSt
005 20140310182022.0
008 130801t xxu||||| |||| 00| 0 eng d
020 _a0898700817
050 _aBT 990
_b.C912 1985
082 _aTR 231
_bC86 1985
245 _aCredo :
_bI believe /
260 _aSan Francisco :
_bIgnatius Press,
_cc1985.
300 _a132 p. :
_bcol. ill. ;
_c25 cm.
650 _aGod
_xStudy and teaching.
_97183
942 _2lcc
_cBK-TR
_kTR
999 _c8390
_d8390